000 00688nam a2200217Ia 4500
003 GCL
008 140319s9999 xx 000 0 ara d
040 _aGCL /
_cGCL
082 0 4 _a811.1
_bا د
100 1 _aامرؤ القيس، امرؤ القيس بن حجر، 479-545م
245 1 0 _aديوان امرىء القيس /
_cامرؤ القيس، امرؤ القيس بن حجر، 479-545م
260 _a[S.N] :
_bدار صادر
300 _a186 ص
490 _a
650 0 4 _aالشعر العربى
650 0 4 _aالادب العربى
650 0 4 _aالشعر الجاهلى
650 0 4 _aدواوين وقصائد
650 0 4 _aامرؤ القيس
942 _2ddc
_cBK
999 _c31516
_d31516